• 首页
  • 本馆介绍
  • 公告通知
  • 最新文献
  • 馆藏检索
  • 电子资源
  • 读者导购
  • 参考咨询
  • 我的图书馆
  • 登录
  • 详细信息显示
  • 放入我的书架
  • 预约/预借图书
  • 作者相关作品
  • 分类相关作品
  • 丛书相关作品
  • 出版社相关作品

书目信息

  • 表格格式
  • 工作单格式
  • 卡片格式
题名:
房地产开发与经营
    
 
作者: 李铃 著
分册:  
出版信息: 北京   中国人民大学出版社  2006
页数: 215页
开本: 23cm
丛书名: 房地产前沿丛书
单 册:
中图分类: F293.3
科图分类:
主题词: 房地产--开发--基本知识 , 房地产业--经济管理--基本知识 , 房地产 , 房地产业 , 经济管理
电子资源:
ISBN: 7-300-06495-7
000 01005oam2 2200301 450
001 003337796
005 20100325102758.01
010    @a7-300-06495-7@dCNY25.00
100    @a20060104d2006 em y0chiy0110 ea
101 0  @achi
102    @aCN@b110000
105    @ay z 000yy
106    @ar
200 1  @a房地产开发与经营@9fang di chan kai fa yu jing ying@f李铃著
210    @a北京@c中国人民大学出版社@d2006
215    @a215页@d23cm
225 2  @a房地产前沿丛书
330    @a本书在系统介绍房地产开发过程中所需要的通用性知识的同时,围绕房地产项目的成功开发,论及了房地产开发项目的最高决策者应具有的知识和经验,包括房地产价格、基本政策、策划、前期运作、品质要求、施工管理、营销、融资等。
461  0 @12001 @a房地产前沿丛书
606 0  @a房地产@x开发@x基本知识
606 0  @a房地产业@x经济管理@x基本知识
606 0  @a房地产
606 0  @a房地产业
606 0  @a经济管理
690    @aF293.3@v4
701  0 @a李铃@9li ling@4著
801  0 @aCN@bNLC@c20100325
905    @b799248-53@dF293.3@e797@f6
    
    房地产开发与经营/李铃著.-北京:中国人民大学出版社,2006
    215页;23cm.-(房地产前沿丛书)
    
    
    ISBN 7-300-06495-7:CNY25.00
    本书在系统介绍房地产开发过程中所需要的通用性知识的同时,围绕房地产项目的成功开发,论及了房地产开发项目的最高决策者应具有的知识和经验,包括房地产价格、基本政策、策划、前期运作、品质要求、施工管理、营销、融资等。
●
相关链接 在E读中查询图书 在五车中查询图书 在当当中查询图书 在豆瓣中查询图书


正题名:房地产开发与经营     索取号:F293.3/797         预约/预借

序号 登录号 条形码 馆藏地/架位号 状态 备注
1 799248   207992485   第一样本阅览室/ [索取号:F293.3/797] 在馆    
2 799249   207992494   第一借阅区/ [索取号:F293.3/797] 在馆    
3 799250   207992500   第一借阅区/ [索取号:F293.3/797] 在馆    
4 799251   207992519   第一借阅区/ [索取号:F293.3/797] 在馆    
5 799252   207992528   第一借阅区/ [索取号:F293.3/797] 在馆    
6 799253   207992537   第一借阅区/ [索取号:F293.3/797] 在馆    
唐山师范学院图书馆 欢迎您!
大连网信软件有限公司© 版权所有